| 000 | 00855nam a22002417a 4500 | ||
|---|---|---|---|
| 003 | OSt | ||
| 005 | 20220922202617.0 | ||
| 008 | 220922b |||||||| |||| 00| 0 eng d | ||
| 020 | _a987-84-7664-905-3 | ||
| 040 | _cBiblioteca Lado V | ||
| 082 |
_a702.81 _bG475h |
||
| 100 |
_aGill, Marta _eautora |
||
| 245 | _aHistories Animades/ | ||
| 260 |
_aBarcelona _bObra Social, Fundacio "la Caixa" _bStudio le Fresnoy national des arts contemporains _c2006 |
||
| 300 |
_a112p. _bposee un CD _c15x21cm |
||
| 650 |
_2Tesauro de Arte & Arquitectura _aARTE |
||
| 650 |
_2Tesauro de Arte & Arquitectura _aCINE |
||
| 650 |
_2Tesauro de Arte & Arquitectura _aHISTORIA DEL CINE |
||
| 700 |
_aAlvares Reyes, Juan Antonio _eautor |
||
| 700 |
_aHazout Dreyfus, Laurence _eautor |
||
| 700 |
_aMiro, Neus _eautor |
||
| 942 |
_2ddc _c1 _h702.81 _iG475h _n0 |
||
| 999 |
_c2118 _d2118 |
||